[Event "SR 3. liga A2 2010/2011"]
[Site "?"]
[Date "2011.02.27"]
[Round "9.5"]
[White "Kalmar, Tamas"]
[Black "Vepy, Ivan"]
[Result "1-0"]
[WhiteElo "1754"]
[BlackElo "1935"]
[PlyCount "111"]
[EventDate "2010.??.??"]
[WhiteTeam "Slovakia"]
[BlackTeam "II"]
[WhiteTeamCountry "SVK"]
[BlackTeamCountry "SVK"]

1. d4 Nf6 2. c4 e6 3. Nf3 Be7 4. Nc3 d5 5. Bg5 O-O 6. e3 b6 7. Bxf6 Bxf6 8.
cxd5 exd5 9. Be2 Bb7 10. O-O Nd7 11. Rc1 c6 12. b4 Rc8 13. Qb3 Re8 14. b5 Re6
15. a4 Nf8 16. bxc6 Rexc6 17. Bb5 R6c7 18. Rc2 Ne6 19. Rfc1 g6 20. h3 Kg7 21.
Bd3 Qd7 22. Bb5 Qd6 23. Bd3 a6 24. Na2 Be7 25. Rxc7 Nxc7 26. Rb1 Na8 27. Be2
Qa3 28. Qxa3 Bxa3 29. Bd3 Bd6 30. Kf1 Rc7 31. Nb4 Rc3 32. Bxa6 Bxa6+ 33. Nxa6
Ra3 34. Nb4 Rxa4 35. Nxd5 Ra6 36. Nd2 Bc7 37. Nc4 Bd8 38. Rb5 Nc7 39. Nxc7 Bxc7
40. Ke2 Kf6 41. e4 Ke6 42. d5+ Kd7 43. Ke3 f6 44. f4 Bd6 45. e5 Bc5+ 46. Kf3 f5
47. g4 Kc7 48. Rb3 Ra4 49. Nb2 Ra3 50. Rxa3 Bxa3 51. Nc4 Bc5 52. gxf5 gxf5 53.
Ne3 b5 54. Nxf5 b4 55. Ke2 Bg1 56. e6 1-0

[Event "SR 3. liga A2 2010/2011"]
[Site "?"]
[Date "2011.02.27"]
[Round "9.5"]
[White "Lopatievov, Alexander"]
[Black "Kosar, Mikulas ml"]
[Result "0-1"]
[WhiteElo "1988"]
[BlackElo "1889"]
[Annotator ",Gajarsky"]
[PlyCount "148"]
[EventDate "2010.??.??"]
[WhiteTeam "Slovakia"]
[BlackTeam "II"]
[WhiteTeamCountry "SVK"]
[BlackTeamCountry "SVK"]

1. c4 e5 2. Nc3 Nf6 3. g3 d5 4. cxd5 Nxd5 5. Bg2 Nxc3 6. bxc3 Bc5 7. Nf3 Nc6 8.
Qc2 O-O 9. O-O f5 10. e3 Bd6 11. Qb3+ Kh8 12. Ba3 Rb8 13. d4 e4 14. Nd2 b5 15.
f3 Na5 16. Qb2 exf3 17. Bxf3 Qe7 18. Bxd6 Qxe3+ 19. Kg2 cxd6 20. Rae1 Qg5 21.
Rf2 f4 22. Qb4 fxg3 23. hxg3 Qd8 24. d5 Ba6 25. Re6 Bc8 26. Rxd6 Qc7 27. Rc6
Qd8 28. Rd6 Qc7 29. Rc6 Qd8 30. Rc5 Bd7 31. d6 Nb7 32. Bxb7 Rxf2+ 33. Kxf2 Rxb7
34. Qd4 Qf8+ 35. Kg2 Rb6 36. Ne4 Qf7 37. Qd5 Qxd5 38. Rxd5 Rb8 39. Re5 Kg8 40.
Nc5 Bc6+ 41. Kf2 Rd8 42. Re7 Rxd6 43. Ne6 Rd7 44. Rxd7 Bxd7 45. Nc5 Bc6 46. Ke3
Kf7 47. a3 Ke7 48. Nd3 Kd6 49. Kd4 a5 50. Nf4 h6 51. Nd3 Bg2 52. Nc5 h5 53. Nb3
a4 54. Nc5 g5 55. Nd3 h4 56. Nf2 h3 57. Ng4 Bf1 58. Nh2 Be2 59. Ke3 Bd1 60. Kd4
Ke6 61. Nf1 Be2 62. Nh2 Kf5 63. Ke3 Bd1 64. Kd4 Bc2 65. Kd5 Be4+ 66. Kd4 Bb7
67. Ke3 Ke5 68. Ng4+ Kd5 69. Kd3 Kc5 70. Nh2 Bc8 71. Nf3 Bf5+ 72. Ke3 Kc4 73.
Kd2 Be4 74. Nh2 Kb3 0-1

[Event "SR 3. liga A2 2010/2011"]
[Site "?"]
[Date "2011.02.27"]
[Round "9.5"]
[White "Palka, Martin"]
[Black "Smrek, Peter"]
[Result "1/2-1/2"]
[WhiteElo "1855"]
[BlackElo "1882"]
[PlyCount "81"]
[EventDate "2010.??.??"]
[WhiteTeam "Slovakia"]
[BlackTeam "II"]
[WhiteTeamCountry "SVK"]
[BlackTeamCountry "SVK"]

1. e4 e5 2. Nf3 Nf6 3. Nxe5 d6 4. Nf3 Nxe4 5. Nc3 Nxc3 6. dxc3 Be7 7. Be3 Nc6
8. Qd2 a6 9. O-O-O Bg4 10. h3 Be6 11. Ng5 Qd7 12. Nxe6 fxe6 13. Be2 O-O-O 14.
Rhe1 Bf6 15. f4 g6 16. Bg4 h5 17. Bf3 Kb8 18. c4 Qg7 19. c3 h4 20. Qc2 Ne7 21.
Qb3 c6 22. Bb6 Rd7 23. Rxe6 Nc8 24. Bf2 Qf7 25. Rde1 Kc7 26. R6e4 Re7 27. Qc2
Rhe8 28. Rxe7+ Rxe7 29. Rxe7+ Nxe7 30. Qe4 d5 31. cxd5 Nxd5 32. c4 Nb6 33. b3
Nc8 34. Bg4 Nd6 35. Qe3 Nf5 36. Qb6+ Kc8 37. Qa7 Qc7 38. Qe3 Qd7 39. Qe4 Kc7
40. Qe1 Qd6 41. Qd2 $11 1/2-1/2

[Event "SR 3. liga A2 2010/2011"]
[Site "?"]
[Date "2011.02.27"]
[Round "9.5"]
[White "Strapko, Tomas"]
[Black "Liptak, Tomas"]
[Result "0-1"]
[WhiteElo "1892"]
[BlackElo "2073"]
[PlyCount "98"]
[EventDate "2010.??.??"]
[WhiteTeam "Slovakia"]
[BlackTeam "II"]
[WhiteTeamCountry "SVK"]
[BlackTeamCountry "SVK"]

1. d4 f5 2. c4 Nf6 3. Nc3 e6 4. Nf3 d6 5. Bg5 Be7 6. Qc2 h6 7. Bxf6 Bxf6 8. e4
O-O 9. exf5 exf5 10. Be2 c6 11. O-O Na6 12. a3 g5 13. h3 Bg7 14. Rad1 Qf6 15.
Nh2 Kh8 16. g4 Nc7 17. d5 c5 18. f4 Bd7 19. fxg5 Qxg5 20. Kh1 Qh4 21. gxf5 Qxh3
22. Bg4 Qh4 23. f6 Bxg4 24. fxg7+ Kxg7 25. Rxf8 Rxf8 26. Rg1 h5 27. Ne4 Kh8 28.
Qc3+ Kh7 29. Rg3 Ne8 30. Kg2 Bh3+ 31. Rxh3 Qxe4+ 32. Rf3 Ng7 33. Qd3 Qxd3 34.
Rxd3 Rf4 35. b3 Nf5 36. Nf3 Kg6 37. Nd2 Kf6 38. b4 cxb4 39. axb4 Ke5 40. Nf3+
Kf6 41. Nd2 Ke5 42. Nf3+ Ke4 43. Rb3 Ne3+ 44. Kf2 Rxf3+ 45. Ke2 Rh3 46. c5 Rh2+
47. Ke1 Kf3 48. Rxe3+ Kxe3 49. Kd1 Rd2+ 0-1

[Event "SR 3. liga A2 2010/2011"]
[Site "?"]
[Date "2011.02.27"]
[Round "9.5"]
[White "Takacs, Laszlo"]
[Black "Hrubos, Milan"]
[Result "1-0"]
[WhiteElo "1921"]
[BlackElo "1802"]
[PlyCount "71"]
[EventDate "2010.??.??"]
[WhiteTeam "Slovakia"]
[BlackTeam "II"]
[WhiteTeamCountry "SVK"]
[BlackTeamCountry "SVK"]

1. e4 e5 2. Nf3 Nc6 3. Bb5 a6 4. Ba4 Nf6 5. O-O Be7 6. Re1 b5 7. Bb3 d6 8. c3
O-O 9. h3 Na5 10. Bc2 c5 11. d4 cxd4 12. cxd4 Qc7 13. Nc3 Bd7 14. a3 Nc4 15.
Bb3 Nb6 16. Bg5 h6 17. Bh4 Rfe8 18. Rc1 Qb8 19. Bg3 Bf8 20. Qd3 Ra7 21. d5 g6
22. Nd2 Nh5 23. Bh2 f5 24. Bd1 Nf6 25. f4 exf4 26. Bxf4 Qd8 27. Qg3 Kh7 28.
Bxd6 Bxd6 29. Qxd6 fxe4 30. Ndxe4 Nxe4 31. Nxe4 Kg7 32. Bc2 Bf5 33. Qc5 Bxe4
34. Bxe4 Rae7 35. Qd4+ Kh7 36. Rc6 1-0

[Event "SR 3. liga A2 2010/2011"]
[Site "?"]
[Date "2011.02.27"]
[Round "9.6"]
[White "Feranec, Milan"]
[Black "Zisek, Jaroslav"]
[Result "0-1"]
[WhiteElo "1765"]
[BlackElo "1871"]
[PlyCount "104"]
[EventDate "2010.??.??"]
[WhiteTeam "Slovakia"]
[BlackTeam "II"]
[WhiteTeamCountry "SVK"]
[BlackTeamCountry "SVK"]

1. Nf3 c5 2. b3 Nc6 3. Bb2 Nf6 4. c4 e6 5. e3 Be7 6. Be2 O-O 7. a3 d5 8. Qc2
Qd6 9. Nc3 a6 10. Rd1 d4 11. Ne4 Nxe4 12. Qxe4 f5 13. Qc2 e5 14. d3 Qg6 15. g3
b6 16. Kd2 Bb7 17. Kc1 Qe6 18. Kb1 Bf6 19. h4 Qe7 20. Rhg1 e4 21. Ne1 Rad8 22.
Ng2 Ne5 23. exd4 exd3 24. Rxd3 Nxd3 25. Bxd3 Bxd4 26. Re1 Qd6 27. Bxd4 Qxd4 28.
Nf4 Bc8 29. Nd5 Rfe8 30. Rd1 Qe5 31. f4 Qb8 32. g4 b5 33. Ka2 Be6 34. gxf5 Bxd5
35. f6 Be4 36. Bxe4 gxf6 37. Bd5+ Kh8 38. Qf2 Qc7 39. Rg1 Re7 40. Qg2 Rg7 41.
Qxg7+ Qxg7 42. Rxg7 Kxg7 43. f5 Rxd5 44. cxd5 Kf7 45. Kb2 Ke7 46. Kc3 Kd6 47.
a4 Kxd5 48. axb5 axb5 49. Kd3 Ke5 50. Kc3 Kxf5 51. b4 cxb4+ 52. Kxb4 Ke4 0-1

[Event "SR 3. liga A2 2010/2011"]
[Site "?"]
[Date "2011.02.27"]
[Round "9.6"]
[White "Hagara, Vladimir"]
[Black "Zajicek, Ferdinand"]
[Result "1-0"]
[WhiteElo "1900"]
[BlackElo "1873"]
[PlyCount "153"]
[EventDate "2010.??.??"]
[WhiteTeam "Slovakia"]
[BlackTeam "II"]
[WhiteTeamCountry "SVK"]
[BlackTeamCountry "SVK"]

1. c4 c5 2. Nc3 Nf6 3. g3 g6 4. Bg2 Bg7 5. e4 Nc6 6. Nge2 O-O 7. O-O a6 8. d3
e5 9. Be3 d6 10. h3 Be6 11. Qd2 Qd7 12. Kh2 Nd4 13. Nd5 Bxd5 14. exd5 Ne8 15.
f4 Nxe2 16. Qxe2 f5 17. Qd2 exf4 18. Bxf4 Nf6 19. Bf3 Rfe8 20. Rae1 Rxe1 21.
Rxe1 Re8 22. Rxe8+ Nxe8 23. b3 Qe7 24. Kg2 Bd4 25. Qe2 Qxe2+ 26. Bxe2 Kf7 27.
g4 fxg4 28. Bxg4 a5 29. Bd7 Nf6 30. Bc8 Be5 31. Be6+ Kg7 32. Bd2 b6 33. Kf3 h6
34. Be3 Nh7 35. Bd7 Nf6 36. Bc8 Nh7 37. Bd2 Nf8 38. Be1 Kf6 39. Bd2 g5 40. Ke4
Ng6 41. Be3 Bf4 42. Bf2 h5 43. d4 h4 44. Bf5 Ne7 45. Bg4 Bc1 46. dxc5 dxc5 47.
d6 Nc6 48. Be1 Bb2 49. Bd2 Nd8 50. Kd5 Bd4 51. b4 axb4 52. Bxb4 Bf2 53. Bc3+
Bd4 54. Bd2 Bf2 $11 55. a4 Bg3 56. Bc3+ Kf7 57. Bc8 Bf2 58. a5 bxa5 59. Bxa5
Ke8 60. Bg4 Nb7 61. Bd2 Bg3 62. d7+ Kd8 63. Bxg5+ Kc7 64. Be7 Bf2 65. Ke6 Nd8+
66. Kf6 Bd4+ 67. Kg6 Nc6 68. Bxh4 Ne5+ 69. Kh5 Nxd7 70. Bxd7 Kxd7 71. Kg6 Ke6
72. Bg5 Bf2 73. Bf6 Bg3 74. Bc3 Bf2 75. Kg5 Bd4 76. Bxd4 cxd4 77. Kf4 1-0

[Event "SR 3. liga A2 2010/2011"]
[Site "?"]
[Date "2011.02.27"]
[Round "9.6"]
[White "Holiencin, Filip"]
[Black "Koloditsova, Renata"]
[Result "1-0"]
[WhiteElo "1631"]
[BlackElo "1759"]
[PlyCount "67"]
[EventDate "2010.??.??"]
[WhiteTeam "Slovakia"]
[BlackTeam "II"]
[WhiteTeamCountry "SVK"]
[BlackTeamCountry "SVK"]

1. d4 d5 2. c4 e6 3. Nc3 Be7 4. Nf3 Nf6 5. Bf4 c6 6. e3 Nbd7 7. cxd5 exd5 8.
Bd3 Nh5 9. Ne5 Nxf4 10. exf4 Qb6 11. Qd2 Nxe5 12. dxe5 d4 13. Na4 Qb4 14. b3 b5
15. Nb2 Bb7 16. Be4 Qxd2+ 17. Kxd2 Bb4+ 18. Kc2 Bc3 19. a3 a5 20. Rac1 b4 21.
a4 Bxb2 22. Kxb2 Ke7 23. Bxc6 Bxc6 24. Rxc6 Rhd8 25. f5 Ra7 26. f6+ Kf8 27.
Rhc1 Rad7 28. Kc2 Rd5 29. Kd3 Rxe5 30. Rc8 Red5 31. fxg7+ Kxg7 32. Rxd8 Rxd8
33. Rc5 Ra8 34. Kxd4 1-0

[Event "SR 3. liga A2 2010/2011"]
[Site "?"]
[Date "2011.02.27"]
[Round "9.6"]
[White "Markuliak, Mario"]
[Black "Slaby, Jozef"]
[Result "0-1"]
[WhiteElo "1864"]
[BlackElo "1865"]
[PlyCount "90"]
[EventDate "2010.??.??"]
[WhiteTeam "Slovakia"]
[BlackTeam "II"]
[WhiteTeamCountry "SVK"]
[BlackTeamCountry "SVK"]

1. c4 Nf6 2. Nc3 e6 3. g3 d5 4. cxd5 exd5 5. d4 c6 6. Bg2 Bf5 7. Nf3 h6 8. Qb3
Qb6 9. Qxb6 axb6 10. Bf4 Nbd7 11. O-O b5 12. a3 Be7 13. Nd2 O-O 14. e4 dxe4 15.
Ndxe4 Rfd8 16. Nd6 Bxd6 17. Bxd6 Re8 18. Rfe1 Nb6 19. Bc5 Nbd7 20. Bd6 Be6 21.
Ne4 Nxe4 22. Bxe4 Nf6 23. Bg2 Rad8 24. Bc5 Bd5 25. Re7 Bxg2 26. Kxg2 Rxe7 27.
Bxe7 Rxd4 28. Bxf6 gxf6 29. Kf3 Rd2 30. b4 Rc2 31. Ke3 Kg7 32. h4 Kg6 33. f3 f5
34. Kf4 f6 35. h5+ Kf7 36. Kxf5 Rc3 37. Kf4 b6 38. Ke4 Ke6 39. g4 c5 40. bxc5
bxc5 41. Ra2 Rc4+ 42. Kd3 Ra4 43. Ke2 b4 44. Rc2 bxa3 45. Ra2 Kd5 0-1

[Event "SR 3. liga A2 2010/2011"]
[Site "?"]
[Date "2011.02.27"]
[Round "9.6"]
[White "Sandor, Stefan"]
[Black "Mackovic, Matus"]
[Result "0-1"]
[WhiteElo "1682"]
[BlackElo "1846"]
[Annotator ",Gajarsky"]
[PlyCount "64"]
[EventDate "2010.??.??"]
[WhiteTeam "Slovakia"]
[BlackTeam "II"]
[WhiteTeamCountry "SVK"]
[BlackTeamCountry "SVK"]

1. e4 c6 2. Nf3 d5 3. exd5 cxd5 4. d4 Nc6 5. Be2 Nf6 6. Nc3 e6 7. a3 a6 8. O-O
Be7 9. Bg5 O-O 10. Re1 Ne4 11. Bxe7 Qxe7 12. Qd3 Nxc3 13. Qxc3 Bd7 14. Qd2 Rfc8
15. Rac1 b5 16. c3 Na5 17. Qd1 Nc4 18. Rb1 a5 19. Nd2 Nxd2 20. Qxd2 b4 21. axb4
axb4 22. Rec1 bxc3 23. bxc3 Rc7 24. c4 dxc4 25. Rxc4 Rxc4 26. Bxc4 Bc6 27. d5
exd5 28. Bxd5 Rd8 29. Bxf7+ Kxf7 30. Qf4+ Kg8 31. Qc4+ Bd5 32. Qc3 Qe4 0-1

[Event "SR 3. liga A2 2010/2011"]
[Site "?"]
[Date "2011.02.27"]
[Round "9.6"]
[White "Vach, Jozef"]
[Black "Vegh, Vince"]
[Result "0-1"]
[WhiteElo "1900"]
[BlackElo "1947"]
[PlyCount "52"]
[EventDate "2010.??.??"]
[WhiteTeam "Slovakia"]
[BlackTeam "II"]
[WhiteTeamCountry "SVK"]
[BlackTeamCountry "SVK"]

1. d4 d5 2. Nf3 Nf6 3. g3 c6 4. Bg2 h6 5. O-O Bf5 6. b3 e6 7. Ba3 Bd6 8. Bxd6
Qxd6 9. Ne5 Nbd7 10. Nxd7 Qxd7 11. Nd2 O-O-O 12. Re1 g5 13. e3 h5 14. c4 h4 15.
Nf3 hxg3 16. hxg3 Ne4 17. Ne5 Qc7 18. g4 f6 19. gxf5 fxe5 20. Bxe4 dxe4 21.
fxe6 Qh7 22. Kf1 Qh3+ 23. Ke2 exd4 24. Rf1 dxe3 25. Qc1 Qf3+ 26. Ke1 exf2+ 0-1

[Event "SR 3. liga A2 2010/2011"]
[Site "?"]
[Date "2011.02.27"]
[Round "9.7"]
[White "Both, Lajos"]
[Black "Vogl, Zdenek"]
[Result "0-1"]
[WhiteElo "1874"]
[BlackElo "1863"]
[PlyCount "114"]
[EventDate "2010.??.??"]
[WhiteTeam "Slovakia"]
[BlackTeam "II"]
[WhiteTeamCountry "SVK"]
[BlackTeamCountry "SVK"]

1. e4 e5 2. Nf3 Nc6 3. Bb5 a6 4. Ba4 b5 5. Bb3 Nf6 6. d3 Be7 7. c3 d6 8. h3 Na5
9. Bc2 c5 10. d4 cxd4 11. cxd4 Nc6 12. a3 Bb7 13. d5 Nb8 14. Nc3 O-O 15. O-O
Nbd7 16. Be3 Rc8 17. Rc1 Nb6 18. Nd2 Nfd7 19. Qg4 Nf6 20. Qe2 Nc4 21. Nxc4 Rxc4
22. Bd3 Rc8 23. Rc2 Nd7 24. b4 Bg5 25. Rfc1 g6 26. Nd1 Rxc2 27. Rxc2 Bxe3 28.
Nxe3 Nf6 29. Qf1 Qb6 30. Qc1 Qd4 31. Rd2 Nxe4 32. Bxe4 Qxe4 33. Qc7 Rc8 34.
Qxb7 Rc1+ 35. Kh2 Qf4+ 36. g3 Qf3 37. Ng2 Qc3 38. Re2 Qa1 39. g4 Rh1+ 40. Kg3
Qg1 41. Qc8+ Kg7 42. g5 Qh2+ 43. Kf3 Rg1 44. Qg4 Rxg2 45. Qh4 Qh1 46. Ke3 Qc1+
47. Rd2 Qe1+ 48. Kd3 Qf1+ 49. Ke3 Rh2 50. Qe4 Rxh3+ 51. f3 Qg1+ 52. Kd3 Qb1+
53. Ke3 Qe1+ 54. Kd3 Qf1+ 55. Ke3 Qg1+ 56. Kd3 Qxg5 57. Rd1 Rh4 0-1

[Event "SR 3. liga A2 2010/2011"]
[Site "?"]
[Date "2011.02.27"]
[Round "9.7"]
[White "Curidlo, Jan"]
[Black "Vlkovic, Pavol"]
[Result "1/2-1/2"]
[WhiteElo "1827"]
[BlackElo "1840"]
[PlyCount "111"]
[EventDate "2010.??.??"]
[WhiteTeam "Slovakia"]
[BlackTeam "II"]
[WhiteTeamCountry "SVK"]
[BlackTeamCountry "SVK"]

1. e4 Nf6 2. e5 Nd5 3. d4 d6 4. Nf3 dxe5 5. Nxe5 c6 6. c4 Nb4 7. Be3 Bf5 8. Nd3
N8a6 9. a3 Nxd3+ 10. Bxd3 Bxd3 11. Qxd3 e6 12. O-O Be7 13. Rd1 O-O 14. Nc3 Nc7
15. b4 f5 16. f3 Bf6 17. Ra2 Rf7 18. Rad2 Rd7 19. Qc2 g6 20. Qb3 Kh8 21. a4 g5
22. Kh1 b6 23. Ne2 Qg8 24. b5 cxb5 25. axb5 h5 26. d5 e5 27. Qc2 Qh7 28. Bf2 h4
29. g4 hxg3 30. Nxg3 f4 31. Qxh7+ Rxh7 32. Ne4 Kg7 33. Bg1 Kg6 34. Ra1 Bd8 35.
Rda2 Ne8 36. Rg2 Rc8 37. Rc2 Nf6 38. Nxf6 Kxf6 39. c5 bxc5 40. Rxc5 Rxc5 41.
Bxc5 Bb6 42. Bxb6 axb6 43. Rc1 Rd7 44. Rc6+ Kf5 45. d6 Ke6 46. Rxb6 Rxd6 47.
Rb8 Kd5 48. Rg8 Rb6 49. Rxg5 Rxb5 50. h4 Kd4 51. h5 Rb8 52. Kg2 e4 53. fxe4
Kxe4 54. Rg7 Rh8 55. Re7+ Kf5 56. Kf3 1/2-1/2

[Event "SR 3. liga A2 2010/2011"]
[Site "?"]
[Date "2011.02.27"]
[Round "9.7"]
[White "Havlicek, Peter"]
[Black "Bajcar, Pavol"]
[Result "0-1"]
[WhiteElo "1688"]
[BlackElo "1523"]
[PlyCount "126"]
[EventDate "2010.??.??"]
[WhiteTeam "Slovakia"]
[BlackTeam "II"]
[WhiteTeamCountry "SVK"]
[BlackTeamCountry "SVK"]

1. e4 e6 2. d4 d5 3. e5 c5 4. Nf3 Nc6 5. c3 Qb6 6. Be2 cxd4 7. cxd4 Bb4+ 8. Nc3
Nge7 9. O-O Bd7 10. a3 Bxc3 11. bxc3 Na5 12. Bg5 Rc8 13. Rb1 Qc7 14. Bd2 Nc4
15. Bxc4 dxc4 16. Bg5 Nd5 17. Qc2 Bc6 18. Nd2 Nb6 19. Ne4 Bxe4 20. Qxe4 Nd5 21.
Qc2 a6 22. Bd2 b5 23. f4 g6 24. a4 Qc6 25. axb5 axb5 26. Ra1 Kd7 27. Ra7+ Nc7
28. Rfa1 Ra8 29. R1a5 Rxa7 30. Rxa7 Ra8 31. Rxa8 Qxa8 32. Qb1 Qa4 33. Kf2 Nd5
34. g4 Qb3 35. Qa1 Qa4 36. Qb1 Nb6 37. Qe4 Qa8 38. Qxa8 Nxa8 39. Ke2 Kc6 40.
Bc1 Nb6 41. Kf3 Kd5 42. Ke3 Nd7 43. g5 Nb8 44. Ba3 Nc6 45. h3 Na5 46. h4 Nb3
47. Bb2 Kc6 48. Ke2 Kd5 49. Ke3 Na5 50. Ba3 Nc6 51. Bb2 Na7 52. Ba3 Nc8 53. Bb4
Nb6 54. Ba5 Kc6 55. Ke4 Nd5 56. Kf3 Kb7 57. Bb4 Kc6 58. Ke4 Nxb4 59. cxb4 c3
60. Kd3 Kd5 61. Kxc3 Ke4 62. Kc2 Kxd4 63. Kb3 Kd3 0-1

[Event "SR 3. liga A2 2010/2011"]
[Site "?"]
[Date "2011.02.27"]
[Round "9.7"]
[White "Mackovic, Miroslav"]
[Black "Kosar, Mikulas st"]
[Result "1-0"]
[WhiteElo "1915"]
[BlackElo "1835"]
[Annotator ",Gajarsky"]
[PlyCount "69"]
[EventDate "2010.??.??"]
[WhiteTeam "Slovakia"]
[BlackTeam "II"]
[WhiteTeamCountry "SVK"]
[BlackTeamCountry "SVK"]

1. e4 e5 2. Nf3 Nf6 3. Nxe5 d6 4. Nf3 Nxe4 5. d4 d5 6. Bd3 Bf5 7. O-O Be7 8.
Re1 O-O 9. c4 c6 10. Nc3 Nxc3 11. bxc3 Bxd3 12. Qxd3 Nd7 13. Rb1 b6 14. Bf4 Re8
15. Re2 f6 16. Rbe1 Nf8 17. cxd5 cxd5 18. c4 Ng6 19. Bg3 Qd7 20. Qb3 dxc4 21.
Qxc4+ Kf8 22. Re6 Rac8 23. Qb3 Rc6 24. Rxc6 Qxc6 25. d5 Qc8 26. d6 Bd8 27. Rd1
Qd7 28. Qd5 b5 29. Nd4 a6 30. h4 Bb6 31. Nf5 Ne5 32. Ne7 Bxf2+ 33. Bxf2 Rxe7
34. dxe7+ Qxe7 35. Bc5 1-0

[Event "SR 3. liga A2 2010/2011"]
[Site "?"]
[Date "2011.02.27"]
[Round "9.7"]
[White "Matus, David"]
[Black "Benak, Peter"]
[Result "1-0"]
[WhiteElo "1756"]
[BlackElo "1605"]
[PlyCount "45"]
[EventDate "2010.??.??"]
[WhiteTeam "Slovakia"]
[BlackTeam "II"]
[WhiteTeamCountry "SVK"]
[BlackTeamCountry "SVK"]

1. e4 Nf6 2. e5 Nd5 3. d4 d6 4. exd6 exd6 5. g3 Nc6 6. Bg2 Nb6 7. Ne2 Be7 8.
O-O O-O 9. b3 Bf5 10. a3 Bf6 11. c4 Re8 12. Nbc3 a6 13. Be3 Rb8 14. Nf4 Ne7 15.
Nh5 Ng6 16. Nxf6+ Qxf6 17. Re1 c6 18. Qd2 Nd7 19. Bg5 Rxe1+ 20. Rxe1 Qe6 21.
Rxe6 Bxe6 22. Ne4 f6 23. Bf4 1-0

[Event "SR 3. liga A2 2010/2011"]
[Site "?"]
[Date "2011.02.27"]
[Round "9.7"]
[White "Papanek, Lubomir"]
[Black "Puskas, Miroslav"]
[Result "1/2-1/2"]
[WhiteElo "1653"]
[BlackElo "1970"]
[PlyCount "34"]
[EventDate "2010.??.??"]
[WhiteTeam "Slovakia"]
[BlackTeam "II"]
[WhiteTeamCountry "SVK"]
[BlackTeamCountry "SVK"]

1. e4 c5 2. Nc3 d6 3. f4 Nc6 4. Nf3 g6 5. g3 Bg7 6. Bg2 e6 7. O-O Nge7 8. d3
O-O 9. Ne2 b5 10. c3 Bb7 11. Be3 Qc7 12. Qc2 Rfc8 13. d4 cxd4 14. Nfxd4 Nxd4
15. Bxd4 Bxd4+ 16. Nxd4 Qb6 17. Qf2 b4 $11 1/2-1/2

[Event "SR 3. liga A2 2010/2011"]
[Site "?"]
[Date "2011.02.27"]
[Round "9.8"]
[White "Bjel, Lubos"]
[Black "Fidericky, Milan"]
[Result "0-1"]
[WhiteElo "1665"]
[BlackElo "1835"]
[PlyCount "130"]
[EventDate "2010.??.??"]
[WhiteTeam "Slovakia"]
[BlackTeam "II"]
[WhiteTeamCountry "SVK"]
[BlackTeamCountry "SVK"]

1. e4 e5 2. Nf3 Nf6 3. Bc4 Nxe4 4. Nxe5 d5 5. Qf3 Be6 6. d3 Nf6 7. Bb3 Be7 8.
d4 Nbd7 9. Nc3 c6 10. h3 Qb6 11. Be3 h6 12. O-O O-O 13. Nxd7 Nxd7 14. Qg3 Kh7
15. Ne2 f5 16. Bf4 Qd8 17. Bc7 Qe8 18. Nf4 Bf7 19. Rfe1 Nf6 20. Ne6 Bxe6 21.
Rxe6 Qf7 22. Rae1 Ne4 23. Qe5 Bf6 24. Qxf5+ g6 25. Rxf6 Nxf6 26. Qf4 Ne4 27.
Qxf7+ Rxf7 28. f3 Nd2 29. Be5 Nxb3 30. axb3 Re8 31. Kf2 Rfe7 32. g4 g5 33. Re3
Kg6 34. b4 a6 35. b3 b6 36. c4 dxc4 37. bxc4 c5 38. bxc5 bxc5 39. Ra3 Re6 40.
Kg3 cxd4 41. Bxd4 Rc6 42. h4 gxh4+ 43. Kxh4 Ra8 44. c5 a5 45. f4 a4 46. f5+ Kh7
47. Kh5 Ra7 48. Be5 Re7 49. Bd6 Re1 50. Kh4 Ra6 51. f6 Kg6 52. Be7 Re4 53. Rf3
Kf7 54. Ra3 Rb4 55. c6 Rc4 56. Kh5 Raxc6 57. Kxh6 Rxg4 58. Kh5 Rcc4 59. Rd3
Rgd4 60. Rh3 Rd5+ 61. Kh6 Rc8 62. Kh7 Rg5 63. Rh4 Rg3 64. Bd6 Rgg8 65. Kh6 Rh8+
0-1

[Event "SR 3. liga A2 2010/2011"]
[Site "?"]
[Date "2011.02.27"]
[Round "9.8"]
[White "Hornak, Pavol"]
[Black "Nedorost, Lubomir"]
[Result "1-0"]
[WhiteElo "1773"]
[BlackElo "1601"]
[PlyCount "77"]
[EventDate "2010.??.??"]
[WhiteTeam "Slovakia"]
[BlackTeam "II"]
[WhiteTeamCountry "SVK"]
[BlackTeamCountry "SVK"]

1. d4 e6 2. c4 Be7 3. g3 f5 4. Bg2 Nf6 5. Nc3 c6 6. Nf3 O-O 7. O-O d5 8. cxd5
exd5 9. Qb3 Nbd7 10. Bg5 Ne4 11. Bxe7 Qxe7 12. e3 Qf7 13. Qc2 Qh5 14. Ne2 g5
15. h4 Rf6 16. hxg5 Nxg5 17. Nxg5 Qxg5 18. Nf4 Rh6 19. Bf3 Nf6 20. Kg2 Ne4 21.
Rh1 Rxh1 22. Rxh1 Bd7 23. Qb3 b5 24. Rh5 Qe7 25. Qd1 Ng5 26. Qc2 Kg7 27. Qb1 a5
28. Qh1 Be8 29. Rh4 Bf7 30. g4 fxg4 31. Rxg4 Qf6 32. Be2 Rf8 33. Qh4 h6 34. Qg3
Bg6 35. f3 Qf5 36. Bd3 Ne4 37. Rxg6+ Kh8 38. fxe4 dxe4 39. Rxh6+ 1-0

[Event "SR 3. liga A2 2010/2011"]
[Site "?"]
[Date "2011.02.27"]
[Round "9.8"]
[White "Klanica, Anton"]
[Black "Mraz, Jan"]
[Result "1-0"]
[WhiteElo "1851"]
[BlackElo "1000"]
[PlyCount "71"]
[EventDate "2010.??.??"]
[WhiteTeam "Slovakia"]
[BlackTeam "II"]
[WhiteTeamCountry "SVK"]
[BlackTeamCountry "SVK"]

1. e4 e6 2. d4 d5 3. exd5 exd5 4. Bd3 Bd6 5. Nf3 Nf6 6. O-O O-O 7. Bg5 Be6 8.
c3 Be7 9. Re1 Nbd7 10. Nbd2 Ne8 11. Bxe7 Qxe7 12. Qc2 g6 13. Re2 Ng7 14. Rae1
Rae8 15. Qb3 b6 16. Bb5 Qd8 17. Bc6 Qc8 18. Bxd5 Bxd5 19. Qxd5 Rxe2 20. Rxe2
Nf6 21. Qc6 Re8 22. Rxe8+ Ngxe8 23. Ne5 Qf5 24. Qc4 Ng4 25. Qe2 Qe6 26. Qxg4
Qxg4 27. Nxg4 f6 28. Ne3 c6 29. Kf1 Kf7 30. Ke2 Ke6 31. f3 a5 32. Ndc4 b5 33.
Nxa5 Kd6 34. Nb7+ Kc7 35. Nc5 Nd6 36. Ne6+ 1-0

[Event "SR 3. liga A2 2010/2011"]
[Site "?"]
[Date "2011.02.27"]
[Round "9.8"]
[White "Kosar, Attila"]
[Black "Jablonicky, Martin"]
[Result "0-1"]
[WhiteElo "1884"]
[BlackElo "1498"]
[Annotator ",Gajarsky"]
[PlyCount "168"]
[EventDate "2010.??.??"]
[WhiteTeam "Slovakia"]
[BlackTeam "II"]
[WhiteTeamCountry "SVK"]
[BlackTeamCountry "SVK"]

1. e4 e5 2. Nf3 Nc6 3. Nc3 Nf6 4. Bc4 Bc5 5. d3 O-O 6. Bg5 h6 7. Bh4 d6 8. h3
Na5 9. Bb3 Nxb3 10. axb3 c6 11. O-O Kh7 12. Kh1 Rg8 13. Na4 Bb4 14. c3 Ba5 15.
b4 Bc7 16. c4 g5 17. Bg3 Nh5 18. Nh2 Nf4 19. Nc3 Qf6 20. f3 Qg6 21. Bxf4 gxf4
22. Rf2 Bb6 23. Rc2 Be6 24. Qf1 Rg7 25. Ne2 Be3 26. Ng4 Bxg4 27. fxg4 h5 28.
gxh5 Qxh5 29. Ng1 Rag8 30. Nf3 Rg6 31. b3 Rh6 32. c5 a6 33. Rd1 f5 34. Kh2 Qf7
35. Rb1 fxe4 36. dxe4 Qg6 37. Kh1 Qxe4 38. Rc4 Qf5 39. Rd1 d5 40. Rc3 e4 41.
Nh2 d4 42. Rc2 d3 43. Ra2 Rxh3 44. gxh3 Rg1+ 45. Qxg1 Bxg1 46. Kxg1 Qxh3 47.
Rdd2 Qg3+ 48. Kf1 e3 49. Rg2 e2+ 50. Rgxe2 dxe2+ 51. Rxe2 f3 52. Rf2 Qh3+ 53.
Kg1 Qg3+ 54. Kf1 Qf4 55. Nxf3 Qxb4 56. Rh2+ Kg8 57. Nd2 Qxc5 58. Rg2+ Kf8 59.
Rf2+ Ke8 60. Rf3 Kd8 61. Ke2 Kc7 62. Rf7+ Kb8 63. Rf3 a5 64. Re3 b5 65. Ne4
Qc2+ 66. Kf3 Ka7 67. Rc3 Qd1+ 68. Kf4 Kb6 69. Ke3 b4 70. Rd3 Qg1+ 71. Nf2 Qe1+
72. Kf3 Qe7 73. Ne4 Qf8+ 74. Ke3 Qh6+ 75. Kf3 Qh5+ 76. Ke3 Qb5 77. Nd6 Qe5+ 78.
Kd2 Qh2+ 79. Ke3 Qg3+ 80. Ke2 Qg4+ 81. Ke3 a4 82. Nc4+ Ka6 83. Nd2 a3 84. Nc4
Qg3+ 0-1

[Event "SR 3. liga A2 2010/2011"]
[Site "?"]
[Date "2011.02.27"]
[Round "9.8"]
[White "Pivacek, Jozef"]
[Black "Tomovicsova, Evelina"]
[Result "1/2-1/2"]
[WhiteElo "1000"]
[BlackElo "1677"]
[PlyCount "90"]
[EventDate "2010.??.??"]
[WhiteTeam "Slovakia"]
[BlackTeam "II"]
[WhiteTeamCountry "SVK"]
[BlackTeamCountry "SVK"]

1. e4 e5 2. Nf3 Nc6 3. Bb5 Nf6 4. O-O d6 5. d4 exd4 6. Nxd4 Bd7 7. Nc3 Be7 8.
f4 Nxd4 9. Bxd7+ Nxd7 10. Qxd4 Bf6 11. Qc4 Nb6 12. Qd3 O-O 13. Ne2 Re8 14. g4
h6 15. Ng3 g6 16. c3 Nd7 17. Qf3 Bh4 18. Bd2 Bxg3 19. hxg3 Nf6 20. Rae1 Qd7 21.
f5 g5 22. Rf2 Kg7 23. c4 Qc6 24. Bc3 Qxc4 25. Rc2 Kh7 26. Rh2 Rxe4 27. Rxh6+
Kxh6 28. Qh1+ Kg7 29. Rxe4 Qc5+ 30. Kg2 Qxc3 31. bxc3 Nxe4 32. Kf3 Nf6 33. Qe1
Nh7 34. c4 b6 35. Qe3 Kf8 36. Qd4 f6 37. Qd5 Re8 38. Qb7 Re7 39. Qxa7 Kf7 40.
Qb7 Nf8 41. Qd5+ Kg7 42. Qd1 Nd7 43. Kg2 Ne5 44. Qe1 Kf7 45. Qh1 Kg7 1/2-1/2